00247 a2200109 4500001000700000020000600007040001100013100001900024240004500043245004000088362000900128171254 a  cMagnum aAntunes, Celso10aA avaliacao da aprendizagem escolarlpor10aA avaliacao da aprendizagem escolar0 a1899